Jsou velké reklamní agentury nenahraditelné?

Úloha reklamných agentúr - vyvolať pozornosť potenciálnych zákazníkov a ich túžbu uvedený produkt či službu si zaobstarať. Vzťah malých a stredných podnikov k reklamným agentúram. Otázka ceny služieb reklamnej agentúry. Komunikácia so zadávateľom reklamy. Majú veľké agentúry prednosť?

Gespeichert in:
Bibliographische Detailangaben
1. Verfasser: Zenkner, Petr
Format: Buchkapitel
Sprache:Tschechisch
Schlagworte:
Tags: Tag hinzufügen
Keine Tags, Fügen Sie das erste Tag hinzu!

MARC

LEADER 00000naa$a2200000$$$4500
001 0030335
005 20231018124613.9
041 0 |a cze 
044 |a CZ 
245 1 0 |a Jsou velké reklamní agentury nenahraditelné?  |c Petr Zenkner 
520 |a Úloha reklamných agentúr - vyvolať pozornosť potenciálnych zákazníkov a ich túžbu uvedený produkt či službu si zaobstarať. Vzťah malých a stredných podnikov k reklamným agentúram. Otázka ceny služieb reklamnej agentúry. Komunikácia so zadávateľom reklamy. Majú veľké agentúry prednosť? 
610 2 0 |a reklama 
610 2 0 |a podpora predaja 
610 2 0 |a propagácia 
610 2 0 |a agentúry 
610 2 0 |a klienti 
610 2 0 |a zákazníci 
610 2 0 |a služby 
610 2 0 |a produkty 
610 2 0 |a ceny 
100 1 |a Zenkner, Petr